Contradicciones, arbitrariedad y desigualdad ante la ley. Problemas y propuestas ante un mal precedente. El fallo "Moreira" de la CS / (Registro nro. 5571)
[ vista simple ]
| 000 -LEADER | |
|---|---|
| fixed length control field | 01479nab a22002777a 4500 |
| 003 - CONTROL NUMBER IDENTIFIER | |
| control field | OSt |
| 005 - DATE AND TIME OF LATEST TRANSACTION | |
| control field | 20251218113252.0 |
| 008 - FIXED-LENGTH DATA ELEMENTS--GENERAL INFORMATION | |
| fixed length control field | 190429b xxu||||| |||| 00| 0 spa d |
| 040 ## - CATALOGING SOURCE | |
| Transcribing agency | PJ |
| 100 ## - MAIN ENTRY--PERSONAL NAME | |
| 9 (RLIN) | 6549 |
| Personal name | Zelasco, Andrés M. |
| 245 10 - TITLE STATEMENT | |
| Title | Contradicciones, arbitrariedad y desigualdad ante la ley. Problemas y propuestas ante un mal precedente. El fallo "Moreira" de la CS /<br/> |
| Statement of responsibility, etc | Andrés M. Zelasco. |
| 260 ## - PUBLICATION, DISTRIBUTION, ETC. (IMPRINT) | |
| Date of publication, distribution, etc | Ciudad Autónoma de Buenos Aires : |
| Place of publication, distribution, etc | Thomson Reuters La Ley, |
| Name of publisher, distributor, etc | 2025. |
| 300 ## - PHYSICAL DESCRIPTION | |
| Extent | p. 59-66 |
| 500 ## - GENERAL NOTE | |
| General note | Cita: TR LALEY AR/DOC/732/2025. |
| 505 ## - FORMATTED CONTENTS NOTE | |
| Formatted contents note | Sumario: I. Introducción.— II. Antecedentes. El fallo de la Cámara Nacional de Casación.— III. La decisión de la Corte Suprema de Justicia.— IV. La contradicción lógica.— V. Afectaciones constitucionales.— VI. Un mal precedente.— VII. Propuesta.— VIII. Conclusiones. |
| 505 ## - FORMATTED CONTENTS NOTE | |
| Title | Fallos comentados: CS ~ 16/05/2024 ~ Moreira, Cristian Alberto s/ incidente de recurso extraordinario. |
| 505 ## - FORMATTED CONTENTS NOTE | |
| Title | Si te interesa el texto completo, solicitalo a koha@justierradelfuego.gov.ar |
| 650 #0 - SUBJECT ADDED ENTRY--TOPICAL TERM | |
| 9 (RLIN) | 343 |
| Topical term or geographic name as entry element | DERECHO PENAL |
| 650 #0 - SUBJECT ADDED ENTRY--TOPICAL TERM | |
| 9 (RLIN) | 2348 |
| Topical term or geographic name as entry element | PROCESO PENAL |
| 650 #0 - SUBJECT ADDED ENTRY--TOPICAL TERM | |
| 9 (RLIN) | 1237 |
| Topical term or geographic name as entry element | IGUALDAD ANTE LA LEY |
| 650 #0 - SUBJECT ADDED ENTRY--TOPICAL TERM | |
| 9 (RLIN) | 3006 |
| Topical term or geographic name as entry element | REINCIDENCIA |
| 650 #0 - SUBJECT ADDED ENTRY--TOPICAL TERM | |
| 9 (RLIN) | 2954 |
| Topical term or geographic name as entry element | LIBERTAD CONDICIONAL |
| 650 #0 - SUBJECT ADDED ENTRY--TOPICAL TERM | |
| 9 (RLIN) | 586 |
| Topical term or geographic name as entry element | DEFENSA EN JUICIO |
| 773 0# - HOST ITEM ENTRY | |
| Host Biblionumber | 2658 |
| Host Itemnumber | 3164 |
| Title | Revista de derecho penal y criminología. Nº 4 - Mayo 2025 |
| Place, publisher, and date of publication | Ciudad Autónoma de Buenos Aires : Thomson Reuters La Ley, 2017- |
| International Standard Serial Number | 00347914 |
| 942 ## - ADDED ENTRY ELEMENTS (KOHA) | |
| Source of classification or shelving scheme | |
| Koha item type | Analítica Artículo de Revista |
No hay ítems disponibles.
